| 000 | 00531cam a22001217a 4500 | ||
|---|---|---|---|
| 008 | 180718b1963 xxu||||| |||| 00| 0 eng d | ||
| 082 | _aA2:T217 Un3/1963 | ||
| 245 |
_aImplications of automation and other technological developments: a selected annotated bibliography _cby United States Department of Labour Bureau of Labor Statistics |
||
| 260 |
_aWashington, D.C. _bThe Superintendent of Documents _c1963 |
||
| 300 | _a90p. | ||
| 440 | _aBullelin No. 1319-1 | ||
| 700 | _aUnited States. Department of Labor. Bureau of Labor Statistics | ||
| 999 |
_c487283 _d487283 |
||